Meclis soruşturmaları hakkında düşünceler (Record no. 1744)

MARC details
000 -BAŞLIK
Sabit Uzunlukta Kontrol Alanı 00976na a2200313 4500
001 - KONTROL NUMARASI
Denetim Alanı 16572
003 - KONTROL NUMARASI IDENTIFIER
Denetim Alanı MIRAKIL
005 - SON İŞLEM TARİHİ VE ZAMANI
Denetim Alanı 20181213154833.0
008 - SABİT-BOY VERİ ELEMANLARI - GENEL BİLGİLER
Sabit Uzunlukta Kontrol Alanı 161008b tu 000 0
020 ## - ULUSLARARASI STANDART KİTAP NUMARASI
Uluslararası Standart Kitap Numarası 9757100048
040 ## - KATALOGLAMA KAYNAK
Orijinal Kataloglama Ajansı Milas
Kataloglama Dili tur
Metne Dönüştürmek Ajansı TR-AnCHP
041 ## - DİL KODU
Metin / Ses Parça Veya Ayrı Başlığın Dil Kodu tur
082 ## - DEWEY ONLU SINIFLANDIRMA NUMARASI
Sınıflandırma Numarası 328.3452
Ürün Numarası H22m 1997
090 ## - SINIFLAMA NUMARASI
Sınıflama Numarası 328.3452 H22m 1997
100 ## - ANA GİRİŞ - KİŞİSEL İSİM
Kişisel Ad Hafızoğulları, Zeki
245 ## - BAŞLIK TABLOSU
Başlık Meclis soruşturmaları hakkında düşünceler
Başlığın Kalan Üç örnek
Sorumluluk Tablosu, Vb Zeki Hafızoğulları, Bülent Acar, Asım Livanelioğlu
250 ## - EDITION TABLOSU
Baskı Beyanı .
260 ## - YAYIN, DAĞITIM, VB
Yayın, Dağıtım, Vb Yeri Ankara
Yayıncı, Dağıtıcı, Vs Adı U s-A Yayıncılık
Yayın, Dağıtım, Vb Tarihi 1997
300 ## - FİZİKSEL TANIM
Kapsam 159, [58] s.
Boyutlar 20 sm.
490 ## - SERİSİ TABLOSU
Seri Beyanı Cep Kitapları Serisi (Hukuk)
Hacim / Ardışık Tanımı 1
504 ## - KAYNAKÇA VB NOT
Kaynakça Vb Notu Kaynakça var.
650 ## - KONU KATMA GİRİŞ - TOPİKAL DÖNEM
Topikal Süreli Veya Coğrafi Ad Giriş Elemanı Malvarlığı
Genel Alt Bölümü Meclis soruşturmaları
650 ## - KONU KATMA GİRİŞ - TOPİKAL DÖNEM
Topikal Süreli Veya Coğrafi Ad Giriş Elemanı Tofaş
Genel Alt Bölümü Meclis soruşturmaları
650 ## - KONU KATMA GİRİŞ - TOPİKAL DÖNEM
Topikal Süreli Veya Coğrafi Ad Giriş Elemanı Tedaş
Genel Alt Bölümü Meclis soruşturmaları
650 ## - KONU KATMA GİRİŞ - TOPİKAL DÖNEM
Topikal Süreli Veya Coğrafi Ad Giriş Elemanı Meclis soruşturmaları
700 ## - KATMA GİRİŞ - KİŞİSEL İSİM
Kişisel Ad Livanelioğlu, Ömer Asım
700 ## - KATMA GİRİŞ - KİŞİSEL İSİM
Kişisel Ad Acar, Bülent
942 ## - EKLENDİ GİRİŞ ELEMANLARI (KOHA)
Sınıflandırma Veya Raf Düzeni Kaynak Dewey Decimal Classification
Koha Öğesi Türü Books
999 ## - SİSTEM KONTROL NUMARALARI (KOHA)
Koha Biblionumber 1744
Koha Biblioitemnumber 1744
Holdings
Kalıcı Konum Mevcut Konum Edinme Tarihi Edinim Kaynak Toplam Check-Out'Lar Tam Çağrı Numarası Barkod Tarih Son Görülme İtibaren Geçerli Fiyatlar Koha Öğesi Türü
CHP Kütüphanesi CHP Kütüphanesi 10/08/2016 Bağış   328.3452 H22m 1997 006621 10/08/2016 10/08/2016 Books